Ritmo, música y deficientes auditivos /

Guardado en:
Autor Principal: Di Marco, Carmen E.
Formato: Libro
Publicado: Buenos Aires : Eudeba, 1967
Series:Cuadernos de la primaria; No. 12
Materias:
Etiquetas: Agregar Etiqueta
Sin Etiquetas, Sea el primero en etiquetar este registro!
LEADER 00523nam a22001815a 4500
001 CEM.cems002076
005 20060215000000.0
008 130507s1967##################000#0#####d
003 CEMS
082 0 4 |a 371.9 
100 1 |a Di Marco, Carmen E. 
245 1 0 |a Ritmo, música y deficientes auditivos / 
260 |a Buenos Aires :  |b Eudeba,  |c 1967 
300 |a 53 p. 
490 0 |a Cuadernos de la primaria; No. 12 
653 |a Educacion especial 
653 |a Psicoacusticos 
859 |a CEMS  |b BIB. CEMS - 11 de abril  |h 371.9  |i D54  |p 7665.80  |t Ej.1